Statistics for Most Viewed Kpop Songs on YouTube

Click here to take the quiz!

General Stats

  • This quiz has been taken 258 times
  • The average score is 12 of 20

Answer Stats

ViewsArtistSong% Correct
3,556,520,159PSYGangnam Style
91%
775,034,373BLACKPINKKill This Love
80%
1,298,398,211PSYGentlemen
79%
818,537,044BLACKPINKBoombayah
77%
945,791,086BTSDNA
75%
1,102,371,071BLACKPINKDdu-Du Ddu-Du
74%
469,742,286BLACKPINKWhistle
67%
669,648,839BTSFake Love
63%
635,111,170BTSIdol
62%
760,013,595BLACKPINKAs If It's Your Last
61%
487,244,011BLACKPINKPlaying With Fire
58%
691,656,204BTSFire
57%
732,384,896BTSBoy With Luv
56%
509,919,203TWICETT
53%
555,596,812BTSBlood, Sweat & Tears
52%
480,574,090PSYDaddy
50%
636,886,908BTSMIC Drop
47%
587,374,773BTSDope
46%
478,803,180BTSSave Me
33%
759,149,531PSY & HYUNAOppa Is Just My Style
12%

Score Distribution

Percentile by Number Answered

Percent of People with Each Score

Your Score History

You have not taken this quiz